000 00366nam a22001457a 4500
020 _a0133145271
040 _cNUST
082 _a621.380414 PAL
100 _aPalais, Joseph C.
_954312
245 _aFiber Optic Communications
250 _a2nd edition
260 _aUSA:
_bPrentice Hall,
_c1988.
650 _aFiber Optic Communications
_996724
942 _2ddc
_cBK
999 _c590847
_d590847